| 000 | 01146nac a22003370a 4500 | ||
|---|---|---|---|
| 001 | PT3176 | ||
| 003 | AR-LpoUNG | ||
| 005 | 20260115114854.0 | ||
| 008 | 201001s1999||||ag |||||||||||||||||spa d | ||
| 020 |
_a9879300264 _c$11 |
||
| 040 |
_aAR-LpoUNG _bspa _eaacr |
||
| 041 | _aspa | ||
| 044 | _aag | ||
| 082 | 0 | _a428 198v1 | |
| 100 | 1 | _aMagno, Cristina | |
| 245 | 1 | 0 |
_aCurso de lectocomprensión en inglés : _bmódulo I |
| 250 | _a1ra. ed. | ||
| 260 |
_aBuenos Aires : _bUniversidad Nacional de General Sarmiento, _cagosto de 1999. |
||
| 300 |
_a101 p. : _bgráfs. |
||
| 490 | 0 | _aCurso de lectocomprensión en inglés | |
| 520 | _aEl objetivo de este curso es posibilitar la comprensión de textos auténticos en idioma inglés, lo que le permitirá al alumno incrementar su autonomía intelectual, insertarse en el mundo laboral y seguir sus estudios superiores. | ||
| 650 | 4 | _aENSEÑANZA DE IDIOMAS | |
| 650 | 4 | _aINGLES BASICO | |
| 650 | 4 | _aLABORATORIOS DE IDIOMA | |
| 650 | 4 | _aLENGUA INGLESA | |
| 650 | 4 | _aLINGÜISTICA | |
| 700 | 1 | _aQuiroga, Mabel | |
| 700 | 1 | _aScagnetti, Andrea | |
| 905 | _a3176 | ||
| 942 |
_cLIB _2ddc |
||
| 999 |
_c47581 _d47581 |
||